Alternative energy in power electronics / (Record no. 19808)

MARC details
000 -LEADER
fixed length control field 02343cam a22002535a 4500
001 - CONTROL NUMBER
control field 18298707
005 - DATE AND TIME OF LATEST TRANSACTION
control field 20170326130325.0
008 - FIXED-LENGTH DATA ELEMENTS--GENERAL INFORMATION
fixed length control field 140911t2015 maua frb 001 0 eng d
020 ## - INTERNATIONAL STANDARD BOOK NUMBER
International Standard Book Number 9780124167148 (pbk.)
040 ## - CATALOGING SOURCE
Original cataloging agency DLC
Language of cataloging eng
Transcribing agency DLC
Modifying agency DLC
-- EG-ScBUE
082 04 - DEWEY DECIMAL CLASSIFICATION NUMBER
Classification number 621.317
Item number ALT
Edition number 22
245 00 - TITLE STATEMENT
Title Alternative energy in power electronics /
Statement of responsibility, etc edited by Muhammad H. Rashid.
260 ## - PUBLICATION, DISTRIBUTION, ETC. (IMPRINT)
Place of publication, distribution, etc Waltham ;
-- Oxford :
Name of publisher, distributor, etc Butterworth-Heinemann / Elsevier,
Date of publication, distribution, etc c.2015.
300 ## - PHYSICAL DESCRIPTION
Extent xiv, 363 p. :
Other physical details ill. ;
Dimensions 23 cm.
500 ## - GENERAL NOTE
General note Index : p. 349-363.
504 ## - BIBLIOGRAPHY, ETC. NOTE
Bibliography, etc Includes bibliographical references.
505 8# - FORMATTED CONTENTS NOTE
Formatted contents note Machine generated contents note: Power Electronics for Alternative Energy: An Overview of Technologies, Methods and Challenges Alternative Energy Sources Photovoltaic System Conversion Wind Turbine Applications High-Frequency Inverters for PV, Wind, Fuel Cells and Energy Storage Applications Energy Storage Electric Power Transmission .
520 ## - SUMMARY, ETC.
Summary, etc "In today's industrialized world, energy became vital to all human activities including manufacturing, data processing, heating, cooling, lighting, transportation, food processing, etc., yet it is invisible for most of us. Today's energy generation technologies are undergoing a paradigm shift; the solution to our current dilemma requires more renewable contribution as well as the more efficient utilization of conventional energy sources. Recognizing this importance, this chapter focuses on energy sources and energy generation technologies including, coal, hydroelectric, nuclear, solar, wind, ocean, and several others. Alternative energy technologies received great interest in recent years due to environmental impact, greenhouse gas emissions, national energy security, and increasing cost of fossil fuel based sources. With particular emphasis on renewable and alternative energy systems, characteristic features of the renewable energy sources have been reviewed. Since power electronics is a key enabling technology for renewable energy utilization, power electronic converters and interfaces that are used for grid interconnection and stand-alone operation have been presented"--
650 #0 - SUBJECT ADDED ENTRY--TOPICAL TERM
Topical term or geographic name as entry element Power electronics.
Source of heading or term BUEsh
651 ## - SUBJECT ADDED ENTRY--GEOGRAPHIC NAME
Source of heading or term BUEsh
653 ## - INDEX TERM--UNCONTROLLED
Resource For college Engineering, General
Arrived date list June2015
-- August2015
700 1# - ADDED ENTRY--PERSONAL NAME
Personal name Rashid, Muhammad H.
Fuller form of name (Muhammad Harunur),
Dates associated with a name 1945-
Relator term editor.
942 ## - ADDED ENTRY ELEMENTS (KOHA)
Source of classification or shelving scheme Dewey Decimal Classification
Holdings
Withdrawn status Lost status Source of classification or shelving scheme Damaged status Not for loan Koha collection Home library Current library Shelving location Date acquired Source of acquisition Cost, normal purchase price Serial Enumeration / chronology Total Checkouts Full call number Barcode Date last seen Cost, replacement price Koha item type
    Dewey Decimal Classification     Alahram Central Library Central Library First floor 22/06/2015 Purchase 723.00 313   621.317 ALT 000038710 15/07/2025 903.75 Book - Borrowing